- Critica histórica
Entrada Tema o Materia
Número de registros utilizados en: 8
001 - NUMERO DE CONTROL
- Campo de control: 613
003 - IDENTIFICADOR DEL NUMERO DE CONTROL
- Campo de control: CO-MdFUSB
005 - HORA Y FECHA DE LA ULTIMA TRANSACCIÓN
- Campo de control: 20161014072030.0
008 - CAMPO DE LONGITUD FIJA
- Campo fijo de descripción fija: 040607dn anznnbabn||||||||| a ana d
040 ## -
- : CO-MdFUSB
- : CO-MdFUSB
150 ## - ENCABEZAMIENTO DE MATERIA-TEMA
- Téma o Materia: Critica histórica
- Término temático a continuación del nombre geográfico usado como elemento de ent: (Literatura)
550 ## - REFERENCIA DE ENVIO "VEASE ADEMAS" - MATERIA
- Subcampo de control: g
- Encabezamiento temático o nombre geográfico como elemento de entrada: Literatura e historia
550 ## - REFERENCIA DE ENVIO "VEASE ADEMAS" - MATERIA
- Subcampo de control: g
- Encabezamiento temático o nombre geográfico como elemento de entrada: Criticismo
550 ## - REFERENCIA DE ENVIO "VEASE ADEMAS" - MATERIA
- Subcampo de control: g
- Encabezamiento temático o nombre geográfico como elemento de entrada: Crítica literaria
550 ## - REFERENCIA DE ENVIO "VEASE ADEMAS" - MATERIA
- Encabezamiento temático o nombre geográfico como elemento de entrada: Crítica textual
670 ## - FUENTE EN LA QUE SE LOCALIZARON DATOS
- Cita de la fuente : LC auth. en línea (20/10/06)
- Información localizada : Historical criticism (Literature)
670 ## - FUENTE EN LA QUE SE LOCALIZARON DATOS
- Cita de la fuente : BNF aut. en línea (20/10/06)
- Información localizada : Critique historique (littérature)
750 #7 - ASIENTO LIGADO AL ENCABEZAMIENTO - TEMATICO
- Encabezamiento temático : Historical criticism (Literature)
750 #7 - ASIENTO LIGADO AL ENCABEZAMIENTO - TEMATICO
- Encabezamiento temático : Critique historique (littérature)
